Statistics for Countries with the most roller coasters (A - Z)

Click here to take the quiz!

General Stats

  • This quiz has been taken 25 times
    (19 since last reset)
  • The average score is 17 of 24

Answer Stats

BuchstabeAnzahlLand% Correct
G282Germany
100%
J209Japan
100%
R191Russia
100%
U908United States
100%
C1.844China
92%
F227France
92%
P76Poland
85%
Y11Yemen
85%
Z2Zambia
85%
B91Brazil
77%
D48Denmark
77%
I139Italy
77%
O11Oman
69%
Q14Qatar
69%
T134Turkey
69%
A66Austria
62%
M59Mexico
62%
V87Vietnam
62%
N60Netherlands
54%
E23Egypt
46%
H16Hungary
38%
S108Saudi-Arabia
38%
K34Kazakhstan
15%
L13Lebanon
15%

Score Distribution

Percentile by Number Answered

Percent of People with Each Score

Your Score History

You have not taken this quiz since the last reset